000
00242nam a2200097Ia 4500
001
709032
005
20250826162538.0
008
250824s9999 xx 000 0 und d
245
0
_a
İSTANBULDAN BODRUMA
_c
BETÜL AVUNÇ
260
_b
TUDEM YAYINLARI
999
_c
709032
_d
709032